<?xml version="1.0" encoding="UTF-8"?>
<record
    xmlns:xsi="http://www.w3.org/2001/XMLSchema-instance"
    xsi:schemaLocation="http://www.loc.gov/MARC21/slim http://www.loc.gov/standards/marcxml/schema/MARC21slim.xsd"
    xmlns="http://www.loc.gov/MARC21/slim">

  <leader>00596nam a2200229Ia 4500</leader>
  <controlfield tag="005">20230430090806.0</controlfield>
  <controlfield tag="008">230125s9999    xx            000 0 und d</controlfield>
  <datafield tag="020" ind1=" " ind2=" ">
    <subfield code="a">9789386224040</subfield>
  </datafield>
  <datafield tag="041" ind1=" " ind2=" ">
    <subfield code="a">eng</subfield>
  </datafield>
  <datafield tag="082" ind1=" " ind2=" ">
    <subfield code="a">823</subfield>
    <subfield code="b">PAT</subfield>
  </datafield>
  <datafield tag="100" ind1=" " ind2=" ">
    <subfield code="a">Pattanaik D</subfield>
    <subfield code="9">108172</subfield>
  </datafield>
  <datafield tag="245" ind1=" " ind2=" ">
    <subfield code="a">7 Secrets of Shiva - From the Hindu Trinity Series</subfield>
  </datafield>
  <datafield tag="250" ind1=" " ind2=" ">
    <subfield code="a">1st Ed.</subfield>
  </datafield>
  <datafield tag="260" ind1=" " ind2=" ">
    <subfield code="c">2018</subfield>
    <subfield code="b">Westland Publications</subfield>
    <subfield code="a">Chennai</subfield>
  </datafield>
  <datafield tag="300" ind1=" " ind2=" ">
    <subfield code="a">221p</subfield>
  </datafield>
  <datafield tag="500" ind1=" " ind2=" ">
    <subfield code="a">English Literature
</subfield>
  </datafield>
  <datafield tag="650" ind1=" " ind2=" ">
    <subfield code="a">English Literature</subfield>
  </datafield>
  <datafield tag="700" ind1=" " ind2=" ">
    <subfield code="a">Pattanaik D</subfield>
    <subfield code="9">108172</subfield>
  </datafield>
  <datafield tag="906" ind1=" " ind2=" ">
    <subfield code="b">99.75</subfield>
  </datafield>
  <datafield tag="942" ind1=" " ind2=" ">
    <subfield code="c">BK</subfield>
  </datafield>
  <datafield tag="999" ind1=" " ind2=" ">
    <subfield code="c">96690</subfield>
    <subfield code="d">96690</subfield>
  </datafield>
  <datafield tag="952" ind1=" " ind2=" ">
    <subfield code="0">0</subfield>
    <subfield code="1">0</subfield>
    <subfield code="4">0</subfield>
    <subfield code="7">0</subfield>
    <subfield code="a">HIMR</subfield>
    <subfield code="b">HIMR</subfield>
    <subfield code="d">2021-03-13</subfield>
    <subfield code="e">Forward Books</subfield>
    <subfield code="g">399.00</subfield>
    <subfield code="i">11380</subfield>
    <subfield code="l">13</subfield>
    <subfield code="m">3</subfield>
    <subfield code="o">823 PAT B21512</subfield>
    <subfield code="p">HIMR-BK-21512</subfield>
    <subfield code="r">2026-01-27 09:02:47</subfield>
    <subfield code="s">2026-01-19</subfield>
    <subfield code="v">299.25</subfield>
    <subfield code="w">2021-03-12</subfield>
    <subfield code="y">BK</subfield>
    <subfield code="z">B21512</subfield>
  </datafield>
  <datafield tag="952" ind1=" " ind2=" ">
    <subfield code="0">0</subfield>
    <subfield code="1">0</subfield>
    <subfield code="4">0</subfield>
    <subfield code="7">0</subfield>
    <subfield code="a">HIMR</subfield>
    <subfield code="b">HIMR</subfield>
    <subfield code="d">2021-03-13</subfield>
    <subfield code="e">Forward Books</subfield>
    <subfield code="g">399.00</subfield>
    <subfield code="i">11380</subfield>
    <subfield code="l">15</subfield>
    <subfield code="m">4</subfield>
    <subfield code="o">823 PAT B21513</subfield>
    <subfield code="p">HIMR-BK-21513</subfield>
    <subfield code="r">2026-02-03 13:26:21</subfield>
    <subfield code="s">2026-01-21</subfield>
    <subfield code="v">299.25</subfield>
    <subfield code="w">2021-03-12</subfield>
    <subfield code="y">BK</subfield>
    <subfield code="z">B21513</subfield>
  </datafield>
</record>
